书目信息 |
| 书名: | Modern English for Chinese students | |
| 作者: | ||
| 分册号: | ||
| 分册名: | 出版地: | Hong Kong : |
|
| 出版社: | Longman | |
| 出版时间: | 1968. | |
| 页数: | 206 p. : | |
| 开本: | 22 cm. : | |
| 丛书名: | ||
| 中图分类号: | ||
| 科图分类号: | ||
| 其他分类号: | H31 | |
| 主题词: | ||
| 电子资源: | ||
| 000 | 00710nam 2200217 a 4500 | |
| 001 | E0758893057 | |
| 005 | 20070727091856.70 | |
| 008 | 001 0 eng | |
| 008 | uu | |
| 020 | @a0-582-69049-8 :@cCNY0.95. | |
| 040 | @aNLC | |
| 049 | @aN5LA | |
| 090 | @a2-87/H319.4/E89//////263046-50/ book 1-5 | |
| 090 | @aH31 | |
| 096 | @aH319.4 @v2 | |
| 099 | @dH31@ex141:4 | |
| 100 | 1 | @aEtherton, A. R. B. |
| 245 | 10 | @aModern English for Chinese students.@nbook four. |
| 260 | @aHong Kong :@bLongman,@c1968. | |
| 300 | @a206 p. :@bill. ;@c22 cm. :@b00 ;@c20020930@lNLC09@h2244@lNLC09@h2231@lNLC09@h1823 :@b01 ;@c20030917@lNLC09@h0718 :@b01 ;@c20030917@lNLC09@h0718 | |
| 852 | 9 | @bWWJC @cJ08N @k2-87 @hH319.4 @iE89 |
| Modern English for Chinese students.. book four.-Hong Kong : : Longman, , 1968. |
| 206 p. : : ill. ; ; 22 cm. : : 00 ; ; 20020930 : 01 ; ; 20030917 : 01 ; ; 20030917 |
| ISBN 0-582-69049-8 :CNY0.95. |
| ● |
| 相关链接 |
|
|
|
|
正题名:Modern English for Chinese students
索取号:H31/x141:4
 
预约/预借
| 序号 | 登录号 | 条形码 | 馆藏地/架位号 | 状态 | 备注 |
| 1 | 48600 | 300142691 | 密集书库/ [索取号:H31/x141:4] | 在馆 | |
| 2 | 48601 | 300142708 | 密集书库/ [索取号:H31/x141:4] | 在馆 | |
| 3 | 76149 | 001037336 | 密集书库/ [索取号:H31/x141:4] | 在馆 | |
| 4 | 76150 | 001037309 | 密集书库/ [索取号:H31/x141:4] | 在馆 | |
| 5 | 76151 | 001038040 | 密集书库/ [索取号:H31/x141:4] | 在馆 | |
| 6 | 76152 | 001038086 | 第四借阅区/ [索取号:H31/x141:4] | 在馆 | |
| 7 | 76153 | 001037318 | 第四借阅区/ [索取号:H31/x141:4] | 在馆 | |
| 8 | 76154 | 001037354 | 第四借阅区/ [索取号:H31/x141:4] | 在馆 | |
| 9 | 76155 | 001037327 | 第四借阅区/ [索取号:H31/x141:4] | 在馆 | |
| 10 | 76156 | 001037292 | 第四借阅区/ [索取号:H31/x141:4] | 在馆 | |
| 11 | 76158 | 001037381 | 第二样本阅览室/ [索取号:H31/x141:4] | 在馆 |